| 000 | 00419nam a2200157 a 4500 | ||
|---|---|---|---|
| 005 | 20260424152212.0 | ||
| 008 | 260416s2026##################000#0#eng## | ||
| 020 |
_a9780406952547 _qhbk |
||
| 082 | 0 | 4 |
_a348.42 _bALL.2 |
| 245 | 1 | 0 | _aThe All England Law Reports: commercial cases 2002 |
| 260 |
_aLondon: _bButterworth, _c2002. |
||
| 300 |
_axix,1136p. _c;23cm. |
||
| 490 | _v vol.2. | ||
| 650 | _aLaw | ||
| 942 | _cENGLISH | ||
| 999 |
_c619451 _d619451 |
||